| 000 | 01278nam a2200289 a 4500 | ||
|---|---|---|---|
| 003 | PE-LiUPU | ||
| 005 | 20250731183449.0 | ||
| 008 | 240927b |||||||| |||| 00| 0 spa d | ||
| 020 | _a9788429123067 | ||
| 040 |
_aDLC _bspa _cPE-LiUPU _dPE-LiUPU _erda |
||
| 080 | 1 |
_a72(091) _22016 |
|
| 082 |
_223 _a720.9 _bT256i |
||
| 100 | 1 |
_aTedeschi, Enrico, _d1910-1978 _eautor. |
|
| 245 | 1 | 4 |
_aUna introducción a la historia de la arquitectura : _bnotas para una cultura arquitectónica / _cEnrico Tedeschi. |
| 264 |
_a[Tucumán] : _bInstituto de Arquitectura y Urbanismo, Universidad Nacional de Tucuman, _c1951. |
||
| 300 |
_a210 páginas : _bfotos en blanco y negro ; _c25 centímetros. |
||
| 505 | _aInvitación a la historia -- Historia y crítica -- Cómo han visto, como vemos -- Materia y método -- Espacio, intuición y representación -- Espacio exterior, urbanismo y paisaje -- Valores prácticos e ideales. | ||
| 526 | _aP158 | ||
| 526 | _aP146 | ||
| 526 | _aP17 | ||
| 526 | _aP12 | ||
| 526 | _aP06 | ||
| 561 | 1 |
_3Inventario 01240433: _5AR-BaBN |
|
| 650 | 1 | 4 |
_aArquitectura _xHistoria. |
| 942 |
_2ddc _cBK _n0 |
||
| 999 |
_c62638 _d62637 |
||
| 980 |
_618226 _aJaime Vilcazán Jefe de Análisis Documental _81 _gALBERTO SANCHEZ Responsable de Automatización |
||